| 000 | 00765nam a2200205 a 4500 | ||
|---|---|---|---|
| 001 | 000044562 | ||
| 005 | 20201002045449.0 | ||
| 008 | 140716s1988 mx a 000 0 spa d | ||
| 020 | _a9686642471 | ||
| 040 |
_aDO-SdBNP _bspa _cBNPHU |
||
| 082 |
_axxxx _bxxxx |
||
| 100 | 1 |
_aPollard, Robert A. _972580 |
|
| 240 | 1 | 0 |
_aEconomic security and the origins of the Cold War, 1945-1950 _lEspañol |
| 245 | 1 | 3 |
_aLa seguridad económica y los orígenes de la "Guerra fría" 1945-1950 / _cRobert A. Pollard ; traducción al español: José Luis González. |
| 260 |
_aMéxico : _bEdiciones Gernika, _c1988. |
||
| 300 |
_a499 p. : _bil. ; _c21 cm. |
||
| 490 | 1 |
_aCiencias politicas _v12 |
|
| 700 | 1 | 2 |
_aGonzález, José Luis _etr. _95327 |
| 830 | 0 |
_aCiencias politicas ; _n12 _972581 |
|
| 999 |
_c44051 _d44051 |
||